<?xml version="1.0" encoding="UTF-8"?>
<collection xmlns="http://www.loc.gov/MARC21/slim">
 <record>
  <leader>03286naa a2200553 c 4500</leader>
  <controlfield tag="001">1865709662</controlfield>
  <controlfield tag="003">DE-627</controlfield>
  <controlfield tag="005">20231016101141.0</controlfield>
  <controlfield tag="007">cr uuu---uuuuu</controlfield>
  <controlfield tag="008">231016s2023    xx |||||oo    00| ||ger c</controlfield>
  <datafield tag="035" ind1=" " ind2=" ">
   <subfield code="a">(DE-627)1865709662</subfield>
  </datafield>
  <datafield tag="035" ind1=" " ind2=" ">
   <subfield code="a">(DE-599)KXP1865709662</subfield>
  </datafield>
  <datafield tag="040" ind1=" " ind2=" ">
   <subfield code="a">DE-627</subfield>
   <subfield code="b">ger</subfield>
   <subfield code="c">DE-627</subfield>
   <subfield code="e">rda</subfield>
  </datafield>
  <datafield tag="041" ind1=" " ind2=" ">
   <subfield code="a">ger</subfield>
  </datafield>
  <datafield tag="084" ind1=" " ind2=" ">
   <subfield code="a">NZ 10550</subfield>
   <subfield code="q">DE-2620/23</subfield>
   <subfield code="2">rvk</subfield>
   <subfield code="0">(DE-625)rvk/132425:</subfield>
  </datafield>
  <datafield tag="084" ind1=" " ind2=" ">
   <subfield code="a">NZ 10500</subfield>
   <subfield code="q">DE-2620/23</subfield>
   <subfield code="2">rvk</subfield>
   <subfield code="0">(DE-625)rvk/132424:</subfield>
  </datafield>
  <datafield tag="084" ind1=" " ind2=" ">
   <subfield code="a">NK 5000</subfield>
   <subfield code="q">DE-2620/23</subfield>
   <subfield code="2">rvk</subfield>
   <subfield code="0">(DE-625)rvk/126083:</subfield>
  </datafield>
  <datafield tag="100" ind1="1" ind2=" ">
   <subfield code="a">Schmidt, Maike</subfield>
   <subfield code="d">1986-</subfield>
   <subfield code="e">VerfasserIn</subfield>
   <subfield code="0">(DE-588)1189088525</subfield>
   <subfield code="0">(DE-627)1667822438</subfield>
   <subfield code="4">aut</subfield>
  </datafield>
  <datafield tag="245" ind1="1" ind2="0">
   <subfield code="a">[Rezension von: Schwanitz, Henrik, 1988-, Von der Natur gerahmt]</subfield>
  </datafield>
  <datafield tag="264" ind1=" " ind2="1">
   <subfield code="c">2023</subfield>
  </datafield>
  <datafield tag="300" ind1=" " ind2=" ">
   <subfield code="b">Illustration</subfield>
  </datafield>
  <datafield tag="336" ind1=" " ind2=" ">
   <subfield code="a">Text</subfield>
   <subfield code="b">txt</subfield>
   <subfield code="2">rdacontent</subfield>
  </datafield>
  <datafield tag="337" ind1=" " ind2=" ">
   <subfield code="a">Computermedien</subfield>
   <subfield code="b">c</subfield>
   <subfield code="2">rdamedia</subfield>
  </datafield>
  <datafield tag="338" ind1=" " ind2=" ">
   <subfield code="a">Online-Ressource</subfield>
   <subfield code="b">cr</subfield>
   <subfield code="2">rdacarrier</subfield>
  </datafield>
  <datafield tag="655" ind1=" " ind2="7">
   <subfield code="a">Rezension</subfield>
   <subfield code="0">(DE-588)4049712-4</subfield>
   <subfield code="0">(DE-627)106186019</subfield>
   <subfield code="0">(DE-576)209083166</subfield>
   <subfield code="2">gnd-content</subfield>
  </datafield>
  <datafield tag="689" ind1="0" ind2="0">
   <subfield code="d">g</subfield>
   <subfield code="0">(DE-588)4051176-5</subfield>
   <subfield code="0">(DE-627)106178245</subfield>
   <subfield code="0">(DE-576)209091789</subfield>
   <subfield code="a">Sachsen</subfield>
   <subfield code="2">gnd</subfield>
  </datafield>
  <datafield tag="689" ind1="0" ind2="1">
   <subfield code="d">s</subfield>
   <subfield code="0">(DE-588)4130793-8</subfield>
   <subfield code="0">(DE-627)105699837</subfield>
   <subfield code="0">(DE-576)209621990</subfield>
   <subfield code="a">Grenze</subfield>
   <subfield code="2">gnd</subfield>
  </datafield>
  <datafield tag="689" ind1="0" ind2="2">
   <subfield code="d">s</subfield>
   <subfield code="0">(DE-588)4041358-5</subfield>
   <subfield code="0">(DE-627)104288833</subfield>
   <subfield code="0">(DE-576)209044594</subfield>
   <subfield code="a">Natur</subfield>
   <subfield code="2">gnd</subfield>
  </datafield>
  <datafield tag="689" ind1="0" ind2="3">
   <subfield code="d">s</subfield>
   <subfield code="0">(DE-588)4026482-8</subfield>
   <subfield code="0">(DE-627)106288199</subfield>
   <subfield code="0">(DE-576)208966544</subfield>
   <subfield code="a">Identität</subfield>
   <subfield code="2">gnd</subfield>
  </datafield>
  <datafield tag="689" ind1="0" ind2="4">
   <subfield code="d">s</subfield>
   <subfield code="0">(DE-588)4113450-3</subfield>
   <subfield code="0">(DE-627)105829390</subfield>
   <subfield code="0">(DE-576)209476583</subfield>
   <subfield code="a">Entwicklung</subfield>
   <subfield code="2">gnd</subfield>
  </datafield>
  <datafield tag="689" ind1="0" ind2=" ">
   <subfield code="5">(DE-627)</subfield>
  </datafield>
  <datafield tag="700" ind1="1" ind2=" ">
   <subfield code="a">Schwanitz, Henrik</subfield>
   <subfield code="d">1988-</subfield>
   <subfield code="e">VerfasserIn des Bezugswerks</subfield>
   <subfield code="0">(DE-588)1136293124</subfield>
   <subfield code="0">(DE-627)892523786</subfield>
   <subfield code="0">(DE-576)490401686</subfield>
   <subfield code="4">ant</subfield>
  </datafield>
  <datafield tag="773" ind1="0" ind2="8">
   <subfield code="i">Enthalten in</subfield>
   <subfield code="t">Sehepunkte</subfield>
   <subfield code="d">München : Ludwig-Maximilians-Univ., 2001</subfield>
   <subfield code="g">23(2023), 10</subfield>
   <subfield code="h">Online-Ressource</subfield>
   <subfield code="w">(DE-627)33678273X</subfield>
   <subfield code="w">(DE-600)2062440-2</subfield>
   <subfield code="w">(DE-576)117978736</subfield>
   <subfield code="x">1618-6168</subfield>
   <subfield code="7">nnas</subfield>
  </datafield>
  <datafield tag="773" ind1="1" ind2="8">
   <subfield code="g">volume:23</subfield>
   <subfield code="g">year:2023</subfield>
   <subfield code="g">number:10</subfield>
  </datafield>
  <datafield tag="787" ind1="0" ind2="8">
   <subfield code="i">Rezension von</subfield>
   <subfield code="a">Schwanitz, Henrik, 1988 - </subfield>
   <subfield code="t">Von der Natur gerahmt</subfield>
   <subfield code="d">[Leipzig] : Leipziger Universitätsverlag GmbH, 2021</subfield>
   <subfield code="h">362 Seiten</subfield>
   <subfield code="w">(DE-627)1780050429</subfield>
   <subfield code="z">3960233825</subfield>
   <subfield code="z">9783960233824</subfield>
  </datafield>
  <datafield tag="856" ind1="4" ind2="0">
   <subfield code="u">https://www.sehepunkte.de/2023/10/36758.html</subfield>
   <subfield code="x">Verlag</subfield>
   <subfield code="z">kostenfrei</subfield>
   <subfield code="7">0</subfield>
  </datafield>
  <datafield tag="935" ind1=" " ind2=" ">
   <subfield code="a">SAXB</subfield>
  </datafield>
  <datafield tag="936" ind1="r" ind2="v">
   <subfield code="a">NZ 10550</subfield>
   <subfield code="b">Rechtsgeschichte, Verfassungs- und Verwaltungsgeschichte</subfield>
   <subfield code="k">Geschichte</subfield>
   <subfield code="k">Regionale Landeskunde</subfield>
   <subfield code="k">Landesgeschichte Sachsen</subfield>
   <subfield code="k">Rechtsgeschichte, Verfassungs- und Verwaltungsgeschichte</subfield>
   <subfield code="0">(DE-627)1270818171</subfield>
   <subfield code="0">(DE-625)rvk/132425:</subfield>
   <subfield code="0">(DE-576)200818171</subfield>
  </datafield>
  <datafield tag="936" ind1="r" ind2="v">
   <subfield code="a">NZ 10500</subfield>
   <subfield code="b">Wirtschafts- und Sozialgeschichte</subfield>
   <subfield code="k">Geschichte</subfield>
   <subfield code="k">Regionale Landeskunde</subfield>
   <subfield code="k">Landesgeschichte Sachsen</subfield>
   <subfield code="k">Wirtschafts- und Sozialgeschichte</subfield>
   <subfield code="0">(DE-627)127087571X</subfield>
   <subfield code="0">(DE-625)rvk/132424:</subfield>
   <subfield code="0">(DE-576)20087571X</subfield>
  </datafield>
  <datafield tag="936" ind1="r" ind2="v">
   <subfield code="a">NK 5000</subfield>
   <subfield code="b">Mitteleuropa</subfield>
   <subfield code="k">Geschichte</subfield>
   <subfield code="k">Weltgeschichte, Darstellungen Allgemeine Geschichte einzelner Staaten und Völker Teilgebiete der Geschichte, Sammelwerke</subfield>
   <subfield code="k">Teilgebiete der Geschichte</subfield>
   <subfield code="k">Allgemeine Geistes- und Kulturgeschichte</subfield>
   <subfield code="k">Allgemeine Kulturgeschichte</subfield>
   <subfield code="k">Abendländisch-europäische Kulturgeschichte</subfield>
   <subfield code="k">Mitteleuropa</subfield>
   <subfield code="0">(DE-627)1270985825</subfield>
   <subfield code="0">(DE-625)rvk/126083:</subfield>
   <subfield code="0">(DE-576)200985825</subfield>
  </datafield>
  <datafield tag="951" ind1=" " ind2=" ">
   <subfield code="a">AR</subfield>
  </datafield>
  <datafield tag="994" ind1=" " ind2=" ">
   <subfield code="u">https://www.sehepunkte.de/2023/10/36758.html</subfield>
  </datafield>
  <datafield tag="990" ind1=" " ind2=" ">
   <subfield code="a">Sachsen</subfield>
  </datafield>
  <datafield tag="990" ind1=" " ind2=" ">
   <subfield code="a">Grenze</subfield>
  </datafield>
  <datafield tag="990" ind1=" " ind2=" ">
   <subfield code="a">Natur</subfield>
  </datafield>
  <datafield tag="990" ind1=" " ind2=" ">
   <subfield code="a">Identität</subfield>
  </datafield>
  <datafield tag="990" ind1=" " ind2=" ">
   <subfield code="a">Entwicklung</subfield>
  </datafield>
  <datafield tag="991" ind1=" " ind2=" ">
   <subfield code="a">Rezension (Monographie, Zeitschrift, Aufsatz)</subfield>
  </datafield>
  <datafield tag="999" ind1=" " ind2=" ">
   <subfield code="a">KXP-PPN1865709662</subfield>
   <subfield code="e">4978820588</subfield>
  </datafield>
 </record>
</collection>
